000 00540nam a2200193Ia 4500
003 GCL
008 140319s9999 xx 000 0 ara d
040 _aGCL /
_cGCL
082 0 4 _a247.9
_bع ث
100 1 _aعارف تامر
245 1 0 _aثلاث رسائل اسماعيلية /
_cعارف تامر
260 _a[S.N] :
_bدار الافاق الجديدة ،
_c1983
300 _a52 ص
490 _a
650 0 4 _aالفرق الاسلامية
650 0 4 _aالشيعة
650 0 4 _aالاسماعيلية
942 _2ddc
_cBK
999 _c37405
_d37405